| 000 | 00695nam a22002057a 4500 | ||
|---|---|---|---|
| 005 | 20230710094447.0 | ||
| 008 | 230710b ||||| |||| 00| 0 eng d | ||
| 040 | _cAL | ||
| 041 | _ahin | ||
| 082 |
_223 _aH894.4 _bSAGH |
||
| 100 |
_aS L Sagar: एस ऐल सागर _9126115 |
||
| 245 | _aHindutva ka matlab: हिन्दुत्व का मतलब | ||
| 260 |
_aUttar Pradesh _bSagar Prakashan _c2004 |
||
| 300 |
_aiv,195p. _bPB _c21x13cm. |
||
| 365 | _2Hindi | ||
| 650 |
_aHindi Prose: _9126112 |
||
| 650 |
_aHindutva aur Dalit: हिन्दुत्व और दलित _9126116 |
||
| 700 |
_aSAGAR (S L): सागर (एस ऐल) _9126113 |
||
| 942 |
_2ddc _cDB |
||
| 999 |
_c227780 _d227780 |
||